| 000 | 01213nam a22003135a 4500 | ||
|---|---|---|---|
| 005 | 20171104125807.0 | ||
| 006 | m||||f ||z 00| 0 | ||
| 008 | 170426s2017 ii a frb 001 0 eng d | ||
| 020 | _a9788123927091 | ||
| 040 |
_aEG-ScBUE _beng _cEG-ScBUE _dEG-ScBUE _dEG-ScBUE |
||
| 082 | 0 | 4 |
_a610.730711 _bGOP _222 |
| 100 | 1 | _aGopichandran, L. | |
| 245 | 1 | 0 |
_aEssentials of communication & education technology for BSc nurses : _bas per the syllabus of Indian Nursing Council for BSc / _cL. Gopichandran, C. Kanniammal. |
| 246 | 3 | _aEssentials of communication and education technology for BSc nurses | |
| 250 | _a1st ed. | ||
| 260 |
_aNew Delhi : _bCBS Publishers & Distributors Pvt Ltd., _c2017. |
||
| 300 |
_axxiv, 296 p. : _bill. ; _c24 cm. + _e1 DVD-ROM (4 3/4 in.) |
||
| 490 | 0 | _aCBS nursing knowledge tree | |
| 500 | _aIndex : p. 289-296. | ||
| 504 | _aIncludes bibliographical references. | ||
| 650 | 7 |
_aNursing _xStudy and teaching (Associate degree) _2BUEsh |
|
| 650 | 7 |
_aEducational technology. _2BUEsh _939777 |
|
| 650 | 7 |
_aCommunication in nursing. _2BUEsh |
|
| 651 | _2BUEsh | ||
| 653 |
_bNNUR _cApril2017 _cNovember2017 |
||
| 655 |
_vText book _933728 |
||
| 700 | 1 | _aKanniammal, C. | |
| 942 | _2ddc | ||
| 999 |
_c24708 _d24680 |
||